Energy Choices in the Near Abroad <The> Haves and Have-nots Face the Future

Na minha lista:
Detalhes bibliográficos
Autor principal: Ebel, Robert E.
Formato: Livro
Idioma:inglês
Publicado em: Washington The Center for Strategic and International Studies 1997
Edição:1. ed.
Assuntos:
Tags: Adicionar Tag
Sem tags, seja o primeiro a adicionar uma tag!

MARC

LEADER 00000nam a2200000 4500
001 c020079
005 20221129110146.4
020 |a 0-89206-271-1 
041 0 |a eng 
044 |a US 
245 1 0 |a Energy Choices in the Near Abroad  |b <The> Haves and Have-nots Face the Future  |c Robert E. Ebel 
250 |a 1. ed. 
264 1 |a Washington  |b The Center for Strategic and International Studies  |c 1997 
300 |a 376 s. 
610 2 0 |a energetika 
610 2 0 |a energia 
610 2 0 |a zdroje energetické 
610 2 0 |a zdroje energie 
610 2 0 |a zdroje energie prírodné 
610 2 0 |a ZSSR 
100 1 |a Ebel, Robert E.